00920nam a2200229 a 450000100100000000500170001000800410002702000150006804000250008324501010010826000270020930000280023649000310026450400300029550400730032570000280039870000320042671000720045883000380053095201050056899900170067300004173220201002035725.0131016s2003 sp a 001 0 spa d a8400081854 aDO-SdBNPbspacBNPHU00aMaduración y Post-Recolección de Frutos y Hortalizas /ceditores C. Merodio, M.L. Escribano. aMadrid :bCSIC,c2003. a441 p. :bil. ;c25 cm.1 aBiblioteca de cienciasv12 aBibliografía : p. 27-28 aIncluye referencias bibliográficas y notas al pie de las páginas1 aMelodio, C.eed.9685721 aEscribano, M. Leed.9685732 aConsejo Superior de Investigaciones Científicas (España)915178 0aBiblioteca de cienciasc12938842 001050718MOaGRbGRcCTd2013-10-16iLF1l0o p41732-10r2020-06-25w2020-06-25y1ZNo se presta c41221d41221